LEADER 01417nam0 2200349 i 450 001 CAG0711734 005 20170908093256.0 010 $a8811677025 020 $aIT$b2005-3302 100 $a20140408d2004 ||||0itac50 ba 101 | $aita 102 $ait 181 1$6z01$ai $bxxxe 182 1$6z01$an 200 1 $aMarco Aurelio$fPierre Grimal 210 $aMilano$cGarzanti$d2004 215 $a357 p.$d21 cm 225 | $a˜Gli œelefanti$i. Storia 300 $aTrad. di Tuckery Capra. 410 0$1001RAV0275682$12001 $a˜Gli œelefanti$i. Storia 500 10$aMarc Aurèle.$3RAV0229375$9CFIV023833$950032 606 $aMARCO AURELIO ANTONINO $xBiografia$2FIR$3NAPC119923$9I 676 $a937.07092$9STORIA DELL'ANTICA PENISOLA ITALIANA E TERRITORI ADIACENTI. ALTO E MEDIO IMPERO, 31 A.C.-284. PERSONE$v22 700 1$aGrimal$b, Pierre$3CFIV023833$4070$037706 801 3$aIT$bIT-NA0079$c20140408 850 $aIT-BN0077$aIT-NA0206 912 $aCAG0711734 950 0$aRIBAB - Biblioteca comunale S.Anselmo$d 45GENERALE BIBL. STORICA /29$e 45 0000064835 B 1 v.$fD $h20120328$i20120328 950 0$aBiblioteca San Francesco$d FAD 10.C. 29$e FA 0000013385 B v. 1$fZ $h20120525$i20120525 977 $a 45$a FA 996 $aMarc Aurele$950032 997 $aUNISANNIO LEADER 01376nam--2200409---450- 001 990001694030203316 005 20090327182449.0 010 $a88-88321-63-2 035 $a000169403 035 $aUSA01000169403 035 $a(ALEPH)000169403USA01 035 $a000169403 100 $a20040525d2003----km-y0enga50------ba 101 0 $aita 102 $aIT 105 $ay---z---001yy 200 1 $aScacco al liberalismo$ei Giacobini e lo Stato$fLucien Jaume$g[traduzione italiana a cura di Cinzia Cassani$gcon la revisione di Gianluca Fruci] 210 $aNapoli$cEditoriale Scientifica$d2003 215 $a189 p.$d21 cm 225 2 $aPensiero giuridico e politico$iSaggi$v2 410 0$12001$aPensiero giuridico e politico$iSaggi$v2 454 1 $12001$aEchec au libéralisme : les Jacobins et l'Etat$926894 606 0 $aGiacobinismo 676 $a320.510944 700 1$aJAUME,$bLucien$0250498 702 1$aCASSANI,$bCinzia 702 1$aFRUCI,$bGianluca 801 0$aIT$bsalbc$gISBD 912 $a990001694030203316 951 $a320.510 JAU 1 (ISP IV 127)$b41317 G.$cISP IV$d00138999 959 $aBK 969 $aECO 979 $aMARIA$b10$c20040525$lUSA01$h0957 979 $aANNASEN$b90$c20050309$lUSA01$h1120 979 $aRSIAV1$b90$c20090327$lUSA01$h1824 996 $aEchec au libéralisme : les Jacobins et l'Etat$926894 997 $aUNISA LEADER 01889oam 2200505M 450 001 9910716132903321 005 20200213070931.5 035 $a(CKB)5470000002518788 035 $a(OCoLC)1065613698 035 $a(OCoLC)995470000002518788 035 $a(EXLCZ)995470000002518788 100 $a20071213d1926 ua 0 101 0 $aeng 135 $aurcn||||||||| 181 $ctxt$2rdacontent 182 $cc$2rdamedia 183 $acr$2rdacarrier 200 10$aConcerning the alleged official misconduct of Frederick A. Fenning. May 4, 1926. -- Ordered to be printed 210 1$a[Washington, D.C.] :$c[U.S. Government Printing Office],$d1926. 215 $a1 online resource (1 pages) 225 1 $aHouse report / 69th Congress, 1st session. House ;$vno. 1075 225 1 $a[United States congressional serial set] ;$v[serial no. 8537] 300 $aBatch processed record: Metadata reviewed, not verified. Some fields updated by batch processes. 300 $aFDLP item number not assigned. 606 $aGovernmental investigations$zUnited States 606 $aImpeachments 606 $aMisconduct in office 606 $aPolitical corruption 606 $aLocal officials and employees 606 $aLocal officials and employees$zJapan 608 $aLegislative materials.$2lcgft 615 0$aGovernmental investigations 615 0$aImpeachments. 615 0$aMisconduct in office. 615 0$aPolitical corruption. 615 0$aLocal officials and employees. 615 0$aLocal officials and employees 701 $aGraham$b George Scott$f1850-1931.$pRepublican (PA)$01386798 801 0$bWYU 801 1$bWYU 801 2$bOCLCO 906 $aBOOK 912 $a9910716132903321 996 $aConcerning the alleged official misconduct of Frederick A. Fenning. May 4, 1926. -- Ordered to be printed$93492767 997 $aUNINA